| 000 | 00549nam a22001937a 4500 | ||
|---|---|---|---|
| 005 | 20251108173330.0 | ||
| 008 | 250721s2006 xx 000 0 ara d | ||
| 020 | _a9772902680 | ||
| 082 | 1 | 4 | _a413.3/مشع |
| 100 | 1 | _aمشعل، جمال | |
| 245 | 1 | 0 | _aموسوعة أجمل أسماء الاطفال / |
| 264 | 1 |
_aالمصورة : _bمكتبة الإيمان، _c2006. |
|
| 300 | _a319 ص. | ||
| 650 | 1 | 7 | _aاسماء الاشخاص |
| 650 | 1 | 7 | _aالأطفال |
| 650 | 1 | 7 | _aعلم المعاجم |
| 942 |
_2ddc _cBK |
||
| 999 |
_c101445 _d101445 |
||